Zmeny v reforme zdravotníctva na Slovensku a jej korekcie
Úloha zdravotnej politiky. Nové prvky v zdravotnej politike. Zdroje financovania zdravotníctva. Verejná kontrola zdravotníctva. Zvýšenie poistnej sadzby za poistenca štátu. Zníženie DPH u vybraných komodít. Problematika odmeňovania pracovníkov v rezorte zdravotníctva. Stanovenie minimálnej siete pos...
Enregistré dans:
| Auteur principal: | |
|---|---|
| Format: | Chapitre de livre |
| Langue: | slovaque |
| Sujets: | |
| Tags: |
Pas de tags, Soyez le premier à ajouter un tag!
|
MARC
| LEADER | 00000nla$a2200000$$$4500 | ||
|---|---|---|---|
| 001 | 0059652 | ||
| 005 | 20240502083141.9 | ||
| 041 | 0 | |a slo | |
| 044 | |a CZ | ||
| 245 | 1 | 0 | |a Zmeny v reforme zdravotníctva na Slovensku a jej korekcie |c Michaela Pechová |
| 520 | |a Úloha zdravotnej politiky. Nové prvky v zdravotnej politike. Zdroje financovania zdravotníctva. Verejná kontrola zdravotníctva. Zvýšenie poistnej sadzby za poistenca štátu. Zníženie DPH u vybraných komodít. Problematika odmeňovania pracovníkov v rezorte zdravotníctva. Stanovenie minimálnej siete poskytovateľov zdravotnej starostlivosti. | ||
| 610 | 2 | 0 | |a zdravotníctvo verejné |
| 610 | 2 | 0 | |a starostlivosť zdravotná |
| 610 | 2 | 0 | |a ochrana zdravia |
| 610 | 2 | 0 | |a poisťovne zdravotné |
| 610 | 2 | 0 | |a reformy |
| 610 | 2 | 0 | |a financie |
| 610 | 2 | 0 | |a štát |
| 610 | 2 | 0 | |a kontrola |
| 610 | 2 | 0 | |a odmeňovanie |
| 610 | 2 | 0 | |a zamestnanci |
| 100 | 1 | |a Pechová, Michaela, 1977- | |